| 000 | 00968nam a22002057a 4500 | ||
|---|---|---|---|
| 999 |
_c62893 _d62893 |
||
| 003 | Ge_BSU | ||
| 005 | 20250317120413.0 | ||
| 008 | 250317s1989 ge ||||| |||| 00| 0 geo d | ||
| 041 | _ageo | ||
| 080 | _a616.1/.4 ყ-98 | ||
| 100 |
_aყუფარაძე, გიორგი _95064 |
||
| 245 |
_aშინაგანი დაავადებანი (ავადმყოფთა მოვლა და პათოლოგიის საფუძვლები) / _cრედ.: მარინა კანდელაკი. |
||
| 250 | _aმე-2 შევს. გამოც. | ||
| 264 |
_aთბ. : _bგანათლება, _c1989. |
||
| 300 |
_a442გვ. ; _b26სმ. |
||
| 653 | _aშინაგანი დაავადებები | ||
| 653 | _aავადმყოფის მოვლა | ||
| 700 |
_aკანდელაკი, მარინა _eრედაქტორი _924579 |
||
| 942 |
_2udc _cᲬᲘᲒᲜᲘ |
||